PREALGEBRA A WORKTEXT (Record no. 60062)
[ view plain ]
| 000 -LEADER | |
|---|---|
| fixed length control field | 00330nam a22001457a 4500 |
| 008 - FIXED-LENGTH DATA ELEMENTS--GENERAL INFORMATION | |
| fixed length control field | 230630b ||||| |||| 00| 0 eng d |
| 020 ## - INTERNATIONAL STANDARD BOOK NUMBER | |
| International Standard Book Number | 9781932628258 |
| 041 ## - LANGUAGE CODE | |
| Language code of text/sound track or separate title | eng |
| 080 ## - UNIVERSAL DECIMAL CLASSIFICATION NUMBER | |
| Edition identifier | FOURTH EDITION |
| Universal Decimal Classification number | 51 |
| 082 ## - DEWEY DECIMAL CLASSIFICATION NUMBER | |
| Classification number | 51WRI |
| 100 ## - Rafti | |
| Rafti | 23 |
| 101 ## - Shkurtesa | |
| Shkurtesa | MATE |
| 245 ## - TITLE STATEMENT | |
| Title | PREALGEBRA A WORKTEXT |
| Statement of responsibility, etc | WRIGHT .F.D |
| 942 ## - ADDED ENTRY ELEMENTS (KOHA) | |
| Source of classification or shelving scheme | |
| Item type | Books |
| Withdrawn status | Lost status | Source of classification or shelving scheme | Damaged status | Not for loan | Collection code | Permanent location | Current location | Date acquired | Total Checkouts | Full call number | Barcode | Date last seen | Price effective from | Koha item type |
|---|---|---|---|---|---|---|---|---|---|---|---|---|---|---|
| Koleksioni i përgjithshem | UBT - Lipjan | UBT - Gjilan | 06/30/2023 | 51WRI | 002-800080703 | 06/30/2023 | 06/30/2023 | Books | ||||||
| Koleksioni i përgjithshem | UBT - Lipjan | UBT - Gjilan | 06/30/2023 | 51WRI | 002-800080704 | 06/30/2023 | 06/30/2023 | Books | ||||||
| Koleksioni i përgjithshem | UBT - Lipjan | UBT - Gjilan | 06/30/2023 | 51WRI | 002-800080705 | 06/30/2023 | 06/30/2023 | Books | ||||||
| Koleksioni i përgjithshem | UBT - Lipjan | UBT - Gjilan | 06/30/2023 | 51WRI | 002-800080706 | 06/30/2023 | 06/30/2023 | Books | ||||||
| Koleksioni i përgjithshem | UBT - Lipjan | UBT - Gjilan | 06/30/2023 | 51WRI | 002-800080707 | 06/30/2023 | 06/30/2023 | Books |